00421nam a2200145Ia 4500003000400000008004100004040001600045082001800061100002200079245006500101260005600166300001000222650002100232650002200253GCL140319s9999 xx 000 0 eng d aGCL / cGCL04a808.0666bP T1 aPFEIFFER, WILLIAM10aTECHNICAL WRITING A PRACTICAL APPROACH / cPFEIFFER, WILLIAM a[S.N] : bMAXWELL MACMILLAN INTERNATIONAL ، c1994 a547 P04aENGLISH LANGUAGE04aTECHNICAL ENGLISH